French prefectures and subprefectures - Statistics

General Stats
  • This quiz has been taken 233 times
  • The average score is 109 of 334
Answer Stats
Department P/SP Answer Population/First letter % Correct
Paris (75) P Paris 2 187 526 (P)
99%
Alpes-Maritimes (06) P Nice 340 017 (N)
97%
Bouches-du-Rhône (13) P Marseille 863 310 (M)
96%
Loire-Atlantique (44) P Nantes 309 346 (N)
96%
Rhône (69) P Lyon 516 092 (L)
95%
Gironde (33) P Bordeaux 254 436 (B)
94%
Nord (59) P Lille 232 787 (L)
94%
Bas-Rhin (67) P Strasbourg 280 966 (S)
93%
Haute-Garonne (31) P Toulouse 479 553 (T)
92%
Meurthe-et-Moselle (54) SP Toul 15 832 (T)
90%
Ille-et-Vilaine (35) P Rennes 216 815 (R)
89%
Côte-d'Or (21) P Dijon 156 920 (D)
87%
Seine-Maritime (76) SP Le Havre 170 147 (LH)
87%
Hérault (34) P Montpellier 285 121 (M)
87%
Finistère (29) SP Brest 140 064 (B)
86%
Marne (51) SP Reims 182 460 (R)
84%
Seine-Maritime (76) P Rouen 110 145 (R)
84%
Loire (42) P Saint-Étienne 172 565 (SÉ)
84%
Indre-et-Loire (37) P Tours 135 787 (T)
84%
Isère (38) P Grenoble 158 454 (G)
83%
La Réunion (974) P Saint-Denis 147 931 (SD)
83%
Seine-Saint-Denis (93) SP Saint-Denis 111 135 (SD)
83%
Pas-de-Calais (62) SP Calais 73 911 (C)
81%
Var (83) P Toulon 171 953 (T)
81%
Oise (60) SP Clermont 10 147 (O)
80%
Loiret (45) P Orléans 116 685 (O)
80%
Corse-du-Sud (2A) P Ajaccio 70 659 (A)
79%
Sarthe (72) P Le Mans 142 946 (LM)
78%
Calvados (14) P Caen 105 354 (C)
77%
Meurthe-et-Moselle (54) P Nancy 104 286 (N)
77%
Gard (30) P Nîmes 150 610 (N)
77%
Yvelines (78) P Versailles 85 862 (V)
77%
Bouches-du-Rhône (13) SP Aix-en-Provence 142 482 (AeP)
76%
Maine-et-Loire (49) P Angers 152 960 (A)
76%
Moselle (57) P Metz 116 429 (M)
76%
Vaucluse (84) P Avignon 91 921 (A)
75%
Nord (59) SP Dunkirk 87 353 (D)
75%
Haute-Vienne (87) P Limoges 132 175 (L)
73%
Finistère (29) P Quimper 62 985 (Q)
73%
Somme (80) P Amiens 134 057 (A)
71%
Puy-de-Dôme (63) P Clermont-Ferrand 143 886 (CF)
71%
Charente-Maritime (17) P La Rochelle 75 735 (LR)
70%
Pyrénées-Atlantiques (64) P Pau 77 130 (P)
69%
Pyrénées-Orientales (66) P Perpignan 120 158 (P)
69%
Haute-Savoie (74) P Annecy 126 924 (A)
68%
Guyane (973) P Cayenne 61 268 (C)
66%
Haut-Rhin (68) SP Mulhouse 109 443 (M)
66%
Vienne (86) P Poitiers 88 291 (P)
66%
Martinique (972) P Fort-de-France 80 041 (FdF)
65%
Haute-Corse (2B) P Bastia 45 715 (B)
64%
Haut-Rhin (68) P Colmar 69 105 (C)
64%
Doubs (25) P Besançon 115 934 (B)
62%
Ille-et-Vilaine (35) SP Saint-Malo 46 097 (SM)
61%
Aude (11) P Carcassonne 46 031 (C)
60%
Manche (50) SP Cherbourg-en-Cotentin 79 200 (CeC)
60%
Drôme (26) P Valence 63 714 (V)
60%
Pyrénées-Atlantiques (64) SP Bayonne 51 228 (B)
58%
Morbihan (56) P Vannes 53 352 (V)
58%
Territoire de Belfort (90) P Belfort 47 656 (B)
57%
Savoie (73) P Chambéry 58 919 (C)
57%
Hauts-de-Seine (92) P Nanterre 95 105 (N)
57%
Aube (10) P Troyes 61 652 (T)
57%
Loire-Atlantique (44) SP Saint-Nazaire 69 993 (SN)
56%
La Réunion (974) SP Saint-Pierre 84 212 (SP)
56%
Martinique (972) SP Saint-Pierre 4 123 (SP)
56%
Cher (18) P Bourges 64 551 (B)
55%
Pas-de-Calais (62) P Arras 41 019 (A)
54%
Hauts-de-Seine (92) SP Boulogne-Billancourt 120 071 (BB)
54%
Morbihan (56) SP Lorient 57 149 (L)
54%
Aude (11) SP Narbonne 54 700 (N)
54%
Côtes-d'Armor (22) P Saint-Brieuc 44 372 (SB)
54%
Hautes-Pyrénées (65) P Tarbes 41 518 (T)
54%
Hautes-Alpes (05) P Gap 40 895 (G)
53%
Deux-Sèvres (79) P Niort 58 707 (N)
53%
Charente (16) P Angoulême 41 740 (A)
51%
Val-de-Marne (94) P Créteil 90 605 (C)
51%
Vendée (85) P La Roche-sur-Yon 54 372 (LRsY)
51%
Manche (50) P Saint-Lô 19 116 (SL)
51%
Nord (59) SP Valenciennes 43 336 (V)
51%
Yonne (89) P Auxerre 34 634 (A)
50%
Hérault (34) SP Béziers 77 177 (B)
49%
Loir-et-Cher (41) P Blois 46 086 (B)
49%
Eure (27) P Évreux 47 733 (É)
49%
Landes (40) P Mont-de-Marsan 29 554 (MdM)
49%
Aisne (02) SP Saint-Quentin 53 816 (SQ)
49%
Tarn (81) P Albi 48 970 (A)
48%
Tarn-et-Garonne (82) P Montauban 60 810 (M)
48%
Oise (60) P Beauvais 56 254 (B)
47%
Ain (01) P Bourg-en-Bresse 41 527 (BeB)
47%
Bouches-du-Rhône (13) SP Arles 52 548 (A)
46%
Ardennes (08) P Charleville-Mézières 46 428 (CM)
46%
La Réunion (974) SP Saint-Paul 104 519 (SP)
46%
Mayenne (53) P Laval 49 728 (L)
45%
Pas-de-Calais (62) SP Lens 31 415 (L)
45%
Nièvre (58) P Nevers 32 990 (N)
45%
Guadeloupe (971) P Basse-Terre 10 058 (BT)
44%
Pas-de-Calais (62) SP Boulogne-sur-Mer 40 874 (BsM)
44%
Eure-et-Loire (28) P Chartres 38 578 (C)
44%
Ariège (09) P Foix 9 532 (F)
44%
Aisne (02) P Laon 24 876 (L)
44%
Seine-Saint-Denis (93) P Bobigny 53 640 (B)
43%
Dordogne (24) P Périgueux 29 966 (P)
43%
Vosges (88) P Épinal 31 740 (É)
42%
Aveyron (12) P Rodez 24 057 (R)
42%
Allier (03) SP Vichy 24 166 (V)
42%
Val-d'Oise (95) P Cergy 65 177 (C)
41%
Marne (51) P Châlons-en-Champagne 44 753 (CeC)
41%
Indre (36) P Châteauroux 43 741 (C)
41%
Essonne (91) P Évry-Courcouronnes 67 967 (ÉC)
41%
Saône-et-Loire (71) P Mâcon 33 638 (M)
41%
Lot-et-Garonne (47) P Agen 33 576 (A)
40%
Seine-et-Marne (77) P Melun 40 032 (M)
40%
Mayotte (976) P Mamoudzou 71 437 (M)
39%
Corrèze (19) P Tulle 14 836 (T)
38%
Orne (61) P Alençon 25 848 (A)
37%
Dordogne (24) SP Bergerac 26 833 (B)
37%
Drôme (26) SP Die 4 621 (D)
37%
Val-d'Oise (95) SP Argenteuil 110 210 (A)
36%
Cantal (15) P Aurillac 25 499 (A)
36%
Landes (40) SP Dax 20 681 (D)
36%
Nord (59) SP Douai 39 700 (D)
36%
Haute-Loire (43) P Le Puy-en-Velay 18 995 (LPeV)
36%
Allier (03) P Moulins 19 664 (M)
36%
Meuse (55) SP Verdun 17 475 (V)
36%
Seine-Maritime (76) SP Dieppe 29 080 (D)
35%
Vendée (85) SP Les Sables-d'Olonne 44 017 (LSdO)
35%
Ardèche (07) P Privas 8 266 (P)
35%
Haute-Saône (70) P Vesoul 14 916 (V)
35%
Gers (32) P Auch 21 935 (A)
34%
Alpes-de-Haute-Provence (04) P Digne-les-Bains 16 460 (DlB)
34%
Creuse (23) P Guéret 13 161 (G)
34%
Lozère (48) P Mende 12 134 (M)
34%
Meuse (55) P Bar-le-Duc 14 985 (BlD)
33%
Corrèze (19) SP Brive-la-Gaillarde 46 916 (BlG)
33%
Jura (39) P Lons-le-Saunier 17 291 (LlS)
33%
Lot (46) P Cahors 19 878 (C)
32%
Isère (38) SP Vienne 29 306 (V)
32%
Saône-et-Loire (71) SP Chalon-sur-Saône 45 096 (CsS)
31%
Haute-Marne (52) P Chaumont 21 945 (C)
31%
Alpes-Maritimes (06) SP Grasse 50 396 (G)
31%
Seine-et-Marne (77) SP Meaux 54 991 (M)
31%
Yvelines (78) SP Saint-Germain-en-Laye 44 753 (SGeL)
31%
Tarn (81) SP Castres 41 636 (C)
29%
Oise (60) SP Compiègne 40 199 (C)
29%
Eure-et-Loire (28) SP Dreux 31 044 (D)
29%
Guadeloupe (971) SP Pointe-à-Pitre 15 923 (PàP)
29%
Val-d'Oise (95) SP Pontoise 30 767 (P)
29%
Bouches-du-Rhône (13) SP Istres 43 133 (I)
28%
Yvelines (78) SP Mantes-la-Jolie 44 299 (MlJ)
28%
Val-d'Oise (95) SP Sarcelles 58 587 (S)
28%
Ardennes (08) SP Sedan 16 428 (S)
28%
Var (83) SP Draguignan 39 340 (D)
27%
Hauts-de-Seine (92) SP Antony 62 570 (A)
26%
Hautes-Alpes (05) SP Briançon 11 625 (B)
26%
Maine-et-Loire (49) SP Cholet 53 917 (C)
26%
Côtes-d'Armor (22) SP Guingamp 6 895 (G)
26%
Doubs (25) SP Montbéliard 25 395 (M)
26%
Allier (03) SP Montluçon 35 653 (M)
26%
Gard (30) SP Alès 40 219 (A)
25%
Côtes-d'Armor (22) SP Dinan 14 166 (D)
25%
Moselle (57) SP Thionville 40 701 (T)
25%
Gironde (33) SP Arcachon 11 284 (A)
24%
Calvados (14) SP Bayeux 13 121 (B)
24%
Côte-d'Or (21) SP Beaune 21 031 (B)
24%
Nord (59) SP Cambrai 32 558 (C)
24%
Pas-de-Calais (62) SP Montreuil 2 014 (M)
24%
La Réunion (974) SP Saint-Benoît 37 759 (SB)
24%
Haute-Marne (52) SP Saint-Dizier 24 012 (SD)
24%
Charente-Maritime (17) SP Saintes 25 470 (S)
24%
Maine-et-Loire (49) SP Saumur 26 734 (S)
24%
Yvelines (78) SP Rambouillet 26 736 (R)
23%
Loire (42) SP Roanne 34 366 (R)
23%
Cher (18) SP Vierzon 25 903 (V)
23%
Pas-de-Calais (62) SP Saint-Omer 14 782 (SO)
22%
Haute-Savoie (74) SP Thonon-les-Bains 34 756 (TlB)
22%
Somme (80) SP Abbeville 22 946 (A)
21%
Manche (50) SP Avranches 10 155 (A)
21%
Haute-Corse (2B) SP Calvi 5 559 (C)
21%
Charente (16) SP Cognac 18 825 (C)
21%
Bas-Rhin (67) SP Haguenau 34 504 (H)
21%
Calvados (14) SP Lisieux 20 318 (L)
21%
Finistère (29) SP Morlaix 14 559 (M)
21%
Yonne (89) SP Sens 25 935 (S)
21%
Aisne (02) SP Soissons 28 530 (S)
21%
Rhône (69) SP Villefranche-sur-Saône 36 857 (VsS)
21%
Savoie (73) SP Albertville 18 899 (A)
20%
Pas-de-Calais (62) SP Béthune 24 895 (B)
20%
Jura (39) SP Dole 23 708 (D)
20%
Essonne (91) SP Étampes 25 092 (É)
20%
Seine-et-Marne (77) SP Fontainebleau 14 886 (F)
20%
Aveyron (12) SP Millau 22 109 (M)
20%
Vosges (88) SP Saint-Dié-des-Vosges 19 607 (SDdV)
20%
Vaucluse (84) SP Carpentras 28 309 (C)
19%
Marne (51) SP Épernay 22 671 (É)
19%
Sarthe (72) SP La Flèche 14 956 (LF)
19%
Gironde (33) SP Libourne 24 845 (L)
19%
Val-de-Marne (93) SP Nogent-sur-Marne 32 851 (NsM)
19%
Seine-et-Marne (77) SP Provins 11 844 (P)
19%
Guyane (973) SP Saint-Laurent-du-Maroni 42 612 (SLdM)
19%
Moselle (57) SP Sarreguemines 20 783 (S)
19%
Moselle (57) SP Forbach 21 552 (F)
18%
Ille-et-Vilaine (35) SP Fougères 20 418 (F)
18%
Mayenne (53) SP Mayenne 12 841 (M)
18%
Loiret (45) SP Montargis 14 643 (M)
18%
Puy-de-Dôme (63) SP Riom 19 180 (R)
18%
Charente-Maritime (17) SP Rochefort 24 151 (R)
18%
Côtes-d'Armor (22) SP Lannion 19 880 (L)
17%
Cantal (15) SP Saint-Flour 6 435 (SF)
17%
Orne (61) SP Argentan 13 823 (A)
16%
Aisne (02) SP Château-Thierry 15 107 (CT)
16%
Haute-Corse (2B) SP Corte 7 446 (C)
16%
Puy-de-Dôme (63) SP Issoire 14 822 (I)
16%
Pyrénées-Atlantiques (64) SP Oloron-Sainte-Marie 10 684 (OSM)
16%
Essonne (91) SP Palaiseau 35 514 (P)
16%
Dordogne (24) SP Sarlat-la-Canéda 8 869 (SlC)
16%
Lot-et-Garonne (47) SP Villeneuve-sur-Lot 22 064 (VsL)
16%
Vienne (86) SP Châtellerault 31 840 (C)
15%
Loiret (45) SP Pithiviers 8 981 (P)
15%
Deux-Sèvres (79) SP Bressuire 19 519 (B)
14%
Indre (36) SP Issoudun 11 905 (I)
14%
Val-de-Marne (94) SP L'Haÿ-les-Roses 31 204 (LHlR)
14%
Lot-et-Garonne (47) SP Marmande 17 691 (M)
14%
Ariège (09) SP Pamiers 15 675 (P)
14%
Doubs (25) SP Pontarlier 17 197 (P)
14%
Morbihan (56) SP Pontivy 14 606 (P)
14%
Ille-et-Vilaine (35) SP Redon 9 014 (R)
14%
Moselle (57) SP Sarrebourg 12 045 (S)
14%
Oise (60) SP Senlis 14 277 (S)
14%
Marne (51) SP Vitry-le-François 12 133 (VlF)
14%
Loire-Atlantique (44) SP Châteaubriant 11 974 (C)
13%
Indre-et-Loire (37) SP Chinon 8 242 (C)
13%
Gers (32) SP Condom 6 530 (C)
13%
Lot (46) SP Figeac 9 792 (F)
13%
Seine-Saint-Denis (93) SP Le Raincy 14 648 (LR)
13%
Ain (01) SP Nantua 3 446 (N)
13%
Deux-Sèvres (79) SP Parthenay 10 267 (P)
13%
Savoie (73) SP Saint-Jean-de-Maurienne 7 746 (SJdM)
13%
Corrèze (19) SP Ussel 9 736 (U)
13%
Aveyron (12) SP Villefranche-de-Rouergue 11 867 (VdR)
13%
Vaucluse (84) SP Apt 11 425 (A)
12%
Eure-et-Loir (28) SP Châteaudun 13 195 (C)
12%
Ain (01) SP Gex 13 118 (G)
12%
Haute-Garonne (31) SP Muret 24 945 (M)
12%
Loir-et-Cher (41) SP Romorantin-Lanthenay 17 754 (RL)
12%
Haute-Garonne (31) SP Saint-Gaudens 11 517 (SG)
12%
Haute-Savoie (74) SP Saint-Julien-en-Genevois 14 258 (SJeG)
12%
Loir-et-Cher (41) SP Vendôme 16 569 (V)
12%
Creuse (23) SP Aubusson 3 366 (A)
11%
Saône-et-Loire (71) SP Autun 13 290 (A)
11%
Alpes-de-Haute-Provence (04) SP Barcelonnette 2 598 (B)
11%
Aube (10) SP Bar-sur-Aube 4 902 (BsA)
11%
Manche (50) SP Coutances 8 501 (C)
11%
Lozère (48) SP Florac Trois Rivières 2 075 (FTR)
11%
Vendée (85) SP Fontenay-le-Comte 13 226 (FlC)
11%
Isère (38) SP La Tour-du-Pin 8 080 (LTdP)
11%
Meurthe-et-Moselle (54) SP Lunéville 18 287 (L)
11%
Aube (10) SP Nogent-sur-Seine 5 980 (NsS)
11%
Drôme (26) SP Nyons 6 793 (N)
11%
Cher (18) SP Saint-Amand-Montrond 9 437 (SAM)
11%
Charente-Maritime (17) SP Saint-Jean-d'Angély 6 976 (SJdA)
11%
Bas-Rhin (67) SP Saverne 11 239 (S)
11%
Bas-Rhin (67) SP Sélestat 19 252 (S)
11%
Puy-de-Dôme (63) SP Thiers 11 847 (T)
11%
Seine-et-Marne (77) SP Torcy 22 568 (T)
11%
Ardèche (07) SP Tournon-sur-Rhône 10 307 (TsR)
11%
Calvados (14) SP Vire Normandie 17 178 (VN)
11%
Nord (59) SP Avesnes-sur-Helpe 4 495 (AsH)
10%
Ain (01) SP Belley 9 103 (B)
10%
Haute-Loire (43) SP Brioude 6 721 (B)
10%
Meuse (55) SP Commercy 5 536 (C)
10%
Nièvre (58) SP Cosne-Cours-sur-Loire 9 874 (CCsL)
10%
Alpes-de-Haute-Provence (04) SP Forcalquier 5 018 (F)
10%
Indre (36) SP Le Blanc 6 389 (LB)
10%
Eure-et-Loire (28) SP Nogent-le-Rotrou 9 715 (NlR)
10%
Pyrénées-Orientales (66) SP Prades 6 124 (P)
10%
Haute-Loire (43) SP Yssingeaux 7 202 (Y)
10%
Haut-Rhin (68) SP Altkirch 5 737 (A)
9%
Yonne (89) SP Avallon 6 572 (A)
9%
Var (83) SP Brignoles 17 179 (B)
9%
Tarn-et-Garonne (82) SP Castelsarrasin 13 944 (C)
9%
Pyrénées-Orientales (66) SP Céret 7 798 (C)
9%
Nièvre (58) SP Château-Chinon 1 964 (CC)
9%
Mayenne (53) SP Château-Gontier-sur-Mayenne 16 776 (CGsM)
9%
FInistère (29) SP Châteaulin 5 214 (C)
9%
Charente-Maritime (17) SP Jonzac 3 432 (J)
9%
Indre (36) SP La Châtre 4 109 (LC)
9%
Haute-Marne (52) SP Langres 7 731 (L)
9%
Eure (27) SP Les Andelys 8 056 (LA)
9%
Aude (11) SP Limoux 10 066 (L)
9%
Indre-et-Loire (37) SP Loches 6 277 (L)
9%
Saône-et-Loire (71) SP Louhans 6 365 (L)
9%
Bas-Rhin (67) SP Molsheim 9 312 (M)
9%
Loire (42) SP Montbrison 15 641 (M)
9%
Vosges (88) SP Neufchâteau 6 664 (N)
9%
Dordogne (24) SP Nontron 3 050 (N)
9%
Jura (39) SP Saint-Claude 9 279 (SC)
9%
Ariège (09) SP Saint-Girons 6 383 (SG)
9%
Corse-du-Sud (2A) SP Sartène 3 259 (S)
9%
Puy-de-Dôme (63) SP Ambert 6 671 (A)
8%
Gironde (33) SP Blaye 4 835 (B)
8%
Haute-Savoie (74) SP Bonneville 12 608 (B)
8%
Nièvre (58) SP Clamecy 3 759 (C)
8%
Martinique (972) SP La Trinité 12 243 (LT)
8%
Cantal (15) SP Mauriac 3 603 (M)
8%
Vienne (86) SP Montmorillon 5 954 (M)
8%
Haute-Vienne (87) SP Rochechouart 3 778 (R)
8%
Maine-et-Loire (49) SP Segré-en-Anjou Bleu 17 562 (SeAB)
8%
Haute-Vienne (87) SP Bellac 3 808 (B)
7%
Alpes-de-Haute-Provence (04) SP Castellane 1 524 (C)
7%
Gironde (33) SP Langon 7 375 (L)
7%
Ardèche (07) SP Largentière 1 629 (L)
7%
Gironde (33) SP Lesparre-Médoc 5 801 (LM)
7%
Gard (30) SP Le Vigan 3 820 (LV)
7%
Hérault (34) SP Lodève 7 441 (L)
7%
Côte-d'Or (21) SP Montbard 5 160 (M)
7%
Somme (80) SP Péronne 7 579 (P)
7%
Ardennes (08) SP Rethel 7 592 (R)
7%
Meurthe-et-Moselle (54) SP Val de Briey 8 228 (VdB)
7%
Hautes-Pyrénées (65) SP Argelès-Gazost 2 901 (AG)
6%
Hautes-Pyrénées SP Bagnères-de-Bigorre 7 253 (BdB)
6%
Eure (27) SP Bernay 10 085 (B)
6%
Saône-et-Loire (71) SP Charolles 2 785 (C)
6%
Lot (46) SP Gourdon 4 094 (G)
6%
Haute-Saône (70) SP Lure 8 207 (L)
6%
Sarthe (72) SP Mamers 5 299 (M)
6%
Somme (80) SP Montdidier 6 255 (M)
6%
Orne (61) SP Mortagne-au-Perche 3 818 (MaP)
6%
Haut-Rhin (68) SP Thann 7 780 (T)
6%
Aisne (02) SP Vervins 2 552 (V)
6%
Ardennes (08) SP Vouziers 4 340 (V)
6%
Charente (16) SP Confolens 2 670 (C)
5%
Martinique (972) SP Le Marin 8 791 (LM)
5%
Gers (32) SP Mirande 3 468 (M)
5%
Lot-et-Garonne (47) SP Nérac 6 827 (N)
4%
No matching quizzes found
Score Distribution
Percent of People with Each Score
Percentile by Number Answered
Your Score History
You have not taken this quiz